White Star Line Ships (1870-1932) - Statistics

General Stats
  • This quiz has been taken 119 times
  • The average score is 21 of 87
Answer Stats
Picture Answer % Correct
Olympic
94%
Titanic
94%
Britannic (1874)
84%
Britannic (1915)
84%
Britannic (1929)
84%
Atlantic
63%
Oceanic (1870)
61%
Oceanic (1899)
61%
Baltic
55%
Baltic (1904)
55%
Adriatic
51%
Adriatic
51%
Majestic
47%
Majestic (1922)
47%
Nomadic (1891)
47%
Nomadic (1911)
47%
Georgic (1895)
43%
Georgic (1932)
43%
Traffic (1911)
41%
Celtic (1872)
37%
Celtic (1901)
37%
Teutonic
31%
Cedric
27%
Germanic (1875)
27%
Republic
27%
Republic
27%
Arabic
20%
Arabic (1903)
20%
Arabic (1920)
20%
Belgic (1873)
18%
Belgic (1885)
18%
Belgic (1911)
18%
Belgic (1917)
18%
Bovic
18%
Homeric
18%
Ionic
18%
Ionic
18%
Naronic
18%
Romanic
18%
Coptic
16%
Doric
16%
Doric (1923)
16%
Gaelic (1873)
16%
Gaelic (1885)
16%
Medic
16%
Suevic
16%
Canopic
14%
Gallic
14%
Gallic
14%
Laurentic
14%
Laurentic
14%
Megantic
14%
Athenic
12%
Ceramic
12%
Corinthic
12%
Cufic
12%
Delphic (1897)
12%
Delphic (1925)
12%
Afric
10%
American
10%
Armenian
10%
Calgaric
10%
Cretic
10%
Cymric
10%
Persic
10%
Runic
10%
Runic
10%
Tauric
10%
Tropic (1871)
10%
Tropic (1896)
10%
Victorian
10%
Cevic
8%
Gothic
8%
Pittsburgh
8%
Pontic
8%
Bardic
6%
Magnetic
6%
Mersey
6%
Vedic
6%
Zealandic
6%
Albertic
4%
Haverford
4%
Justicia
4%
Lapland
4%
Mobile
4%
Regina
4%
Vaderland
4%
No matching quizzes found
Score Distribution
Percent of People with Each Score
Percentile by Number Answered
Your Score History
You have not taken this quiz